Welcome to CU Library Online Public Access Catalogue (OPAC)

True to ourselves : (Record no. 7414)

MARC details
000 -LEADER
fixed length control field 01032cam a2200253 a 4500
001 - CONTROL NUMBER
control field 3560817
005 - DATE AND TIME OF LATEST TRANSACTION
control field 20250901133353.0
008 - FIXED-LENGTH DATA ELEMENTS--GENERAL INFORMATION
fixed length control field 980623s1998 caua 001 0ceng
020 ## - INTERNATIONAL STANDARD BOOK NUMBER
International Standard Book Number 0787941751
Qualifying information cloth : alk. paper
020 ## - INTERNATIONAL STANDARD BOOK NUMBER
International Standard Book Number 9780787941758
Qualifying information (cloth : alk. paper)
050 00 - LIBRARY OF CONGRESS CALL NUMBER
Classification number HQ1412
Item number .T78 1998
082 00 - DEWEY DECIMAL CLASSIFICATION NUMBER
Classification number 305.4/092/273
Edition information 21
245 00 - TITLE STATEMENT
Title True to ourselves :
Remainder of title a celebration of women making a difference /
Statement of responsibility, etc. edited by Nancy M. Neuman.
260 ## - PUBLICATION, DISTRIBUTION, ETC.
Place of publication, distribution, etc. San Francisco :
Name of publisher, distributor, etc. Jossey-Bass Publishers,
Date of publication, distribution, etc. c1998.
300 ## - PHYSICAL DESCRIPTION
Extent xx, 246 p. :
Other physical details ill. ;
Dimensions 24 cm.
500 ## - GENERAL NOTE
General note Includes index.
650 #0 - SUBJECT ADDED ENTRY--TOPICAL TERM
Topical term or geographic name entry element Women
Geographic subdivision United States
General subdivision Biography.
650 #0 - SUBJECT ADDED ENTRY--TOPICAL TERM
Topical term or geographic name entry element Women
Geographic subdivision United States
General subdivision History.
700 1# - ADDED ENTRY--PERSONAL NAME
Personal name Neuman, Nancy M.,
Dates associated with a name 1936-
856 42 - ELECTRONIC LOCATION AND ACCESS
Materials specified Contributor biographical information
Uniform Resource Identifier <a href="http://www.loc.gov/catdir/bios/wiley042/98025436.html">http://www.loc.gov/catdir/bios/wiley042/98025436.html</a>
856 42 - ELECTRONIC LOCATION AND ACCESS
Materials specified Publisher description
Uniform Resource Identifier <a href="http://www.loc.gov/catdir/description/wiley034/98025436.html">http://www.loc.gov/catdir/description/wiley034/98025436.html</a>
856 4# - ELECTRONIC LOCATION AND ACCESS
Materials specified Table of Contents
Uniform Resource Identifier <a href="http://www.loc.gov/catdir/toc/onix06/98025436.html">http://www.loc.gov/catdir/toc/onix06/98025436.html</a>
942 ## - ADDED ENTRY ELEMENTS (KOHA)
Source of classification or shelving scheme Library of Congress Classification
Koha item type Books
Suppress in OPAC No
999 ## -
-- 7414
-- 7414
Holdings
Withdrawn status Lost status Source of classification or shelving scheme Damaged status Not for loan Collection Home library Current library Shelving location Date acquired Total checkouts Full call number Barcode Date last seen Copy number Price effective from Koha item type
    Library of Congress Classification     Non-fiction Undergraduate Library (Christ Temple) Undergraduate Library (Christ Temple) General stacks 09/01/2025   HQ1412 TRU ulct00004551 09/01/2025 1 09/01/2025 Books
© 2023-2024 Copyright: Central University Libraries. All Rights Reserved | Created by: Mahone Tech Office